| Tag |
First Indicator |
Second Indicator |
Subfields |
| LEADER |
00000pam a2200000 a 4500 |
| 001 |
in00000098053 |
| 005 |
20150924085521.0 |
| 008 |
811104s1982 nyua 00110beng |
| 010 |
|
|
|a 81052549
|
| 020 |
|
|
|a 0802706975
|
| 035 |
|
|
|a (OCoLC)07976863
|
| 035 |
|
|
|9 AAK9417AM
|
| 039 |
0 |
|
|a 2
|b 3
|c 3
|d 3
|e 3
|
| 040 |
|
|
|a DLC
|c DLC
|d TXA
|d UtOrBLW
|
| 049 |
|
|
|a TXAM
|c [1362725]
|
| 050 |
0 |
0 |
|a ND497.H54
|b W54 1982
|
| 100 |
1 |
|
|a Williamson, Ian.
|
| 245 |
1 |
0 |
|a Harold Hitchcock, a romantic symbol in surrealism /
|c Ian Williamson ; foreword by Christopher Wright.
|
| 264 |
|
1 |
|a New York :
|b Walker,
|c 1982.
|
| 300 |
|
|
|a 124 pages :
|b illustrations (some color) ;
|c 29 cm.
|
| 336 |
|
|
|a text
|b txt
|2 rdacontent
|
| 337 |
|
|
|a unmediated
|b n
|2 rdamedia
|
| 338 |
|
|
|a volume
|b nc
|2 rdacarrier
|
| 500 |
|
|
|a Includes index.
|
| 600 |
1 |
0 |
|a Hitchcock, Harold.
|
| 650 |
|
0 |
|a Landscape painters
|z England
|x Biography.
|
| 999 |
|
|
|a MARS
|
| 999 |
f |
f |
|s 181ac4c6-b238-3e12-bc61-b5494e78bdcc
|i 2191d7a9-1345-3c8f-9d5b-562dd5030612
|t 0
|
| 952 |
f |
f |
|p normal
|a Texas A&M University
|b College Station
|c Sterling C. Evans Library
|d Evans: Library Stacks
|t 0
|e ND497.H54 W54 1982
|h Library of Congress classification
|i unmediated -- volume
|m A14806021213
|
| 998 |
f |
f |
|a ND497.H54 W54 1982
|t 0
|l Evans: Library Stacks
|